000 00511nam a2200181Ia 4500
005 20250508160842.0
008 008 250505s9999 xx 000 0 hin d
037 _aTextual
040 _aFEDL
_beng
_cFEDL
041 _ahin
_2hin
084 _a891.437, SHR
_qFEDL
100 _aSrivastava Subodh Kumar
_9769549
245 0 _aShahar band kyon hai
260 _aDelhi, India
_bNational Publishing House
_c1974
300 _a125p
942 _cTEXL
_h891.437, SHR
999 _c1366995
_d1366995